[Event "POL-ChT3"]
[Site "Lazy POL"]
[Date "2012.09.01"]
[Round "1"]
[White "Majdan, Damian"]
[Black "Skrzypczak, Michal"]
[Result "1/2-1/2"]
[WhiteElo "1779"]
[BlackElo "1990"]
[EventDate "2012.09.01"]

1.Nf3 d5 2.c4 d4 3.e3 c5 4.b4 dxe3 5.fxe3 e6 6.bxc5 Bxc5 7.d4 Bb4+ 8.Bd2 
Bxd2+ 9.Nbxd2 Nf6 10.Be2 O-O 11.O-O Nc6 12.Ng5 h6 13.Nge4 Ne8 14.Nf3 b6 
15.Rc1 Bb7 16.Nc3 Nd6 17.e4 Na5 18.Nd2 Rc8 19.Qa4 Ndxc4 20.Nxc4 Nxc4 21.d5
exd5 22.Qxa7 Na5 23.Nxd5 Bxd5 24.Rxc8 Qxc8 25.exd5 Qc5+ 26.Kh1 Qxd5 27.
Qxb6 Qxa2 28.Bh5 Qd5 29.Bf3 Qd3 30.Rd1 Qc3 31.Bd5 Qc2 32.Ra1 Rc8 33.Qxa5 
Qb2 34.Qe1 Qd4 35.Rd1 Qf6 36.Bb3 Rb8 37.Bc4 Rc8 38.Qe2 Rf8 39.Rf1 Qd6 40.
Qf3 Qc7 41.Bd5 Qe7 42.Qf5 Qc7 43.Be4 g6 44.Qf6 Qd8 45.Qf3 Qe7 46.Bd5 Kg7 
47.Qc3+ Kg8 48.Rf6 Kh7 49.Rf1 Kg8 50.h3 Kh7 51.Qd4 Kg8 52.Qf6 Qxf6 53.Rxf6
Kg7 54.Rf1 Kg8 55.Kh2 Kg7 56.Kg3 Kg8 57.Kf4 Re8 58.Ra1 Re7 59.Rb1 Re2 60.
Rb7 Rf2+ 61.Ke5 Rf5+ 62.Kd6 Kg7 63.Rb3 Rf6+ 64.Ke7 Rf4 65.Rd3 h5 66.Kd6 
Rf6+ 67.Ke5 Rf5+ 68.Ke4 Rf1 69.Rf3 Re1+ 70.Kd4 Re7 71.Bxf7 Rxf7 72.Rxf7+ 
Kxf7 73.Ke5 1/2-1/2

[Event "POL-ChT3"]
[Site "Lazy POL"]
[Date "2012.09.01"]
[Round "1"]
[White "Kaczmarek, Piotr"]
[Black "Maksimenko, Andrei Jr"]
[Result "0-1"]
[WhiteElo "1839"]
[BlackElo "1896"]
[EventDate "2012.09.01"]

1.e4 c5 2.c3 Nf6 3.e5 Nd5 4.d4 cxd4 5.Nf3 e6 6.cxd4 d6 7.Bc4 Nc6 8.O-O Be7
9.Nbd2 Qc7 10.Re1 O-O 11.a3 a6 12.b4 b5 13.Bd3 Bb7 14.Bb2 Rac8 15.Rc1 Qb8 
16.Ne4 Rfd8 17.exd6 Bxd6 18.Neg5 h6 19.Nxf7 Kxf7 20.Nh4 Nf4 21.Qg4 Ne7 22.
d5 e5 23.Bf5 Rxc1 24.Be6+ Nxe6 25.dxe6+ Kg8 26.Bxc1 Kh7 27.f4 Rf8 28.Bb2 
Qa7+ 0-1

[Event "POL-ChT3"]
[Site "Lazy POL"]
[Date "2012.09.01"]
[Round "1"]
[White "Weglarz, Joanna"]
[Black "Kozlowska, Marzena"]
[Result "1/2-1/2"]
[WhiteElo "2007"]
[BlackElo "1913"]
[EventDate "2012.09.01"]

1.Nf3 e6 2.d4 d5 3.Bf4 c5 4.e3 Qb6 5.Nc3 Bd7 6.Rb1 Nf6 7.dxc5 Bxc5 8.Bd3 
O-O 9.O-O Bd6 10.Bxd6 Qxd6 11.e4 Nc6 12.Qe2 dxe4 13.Nxe4 Nxe4 14.Bxe4 f5 
15.Rfd1 Qe7 16.Bxc6 Bxc6 17.Nd4 Bd5 18.Rbc1 Rae8 19.c4 Be4 20.f3 e5 21.Nb5
Bc6 22.Nxa7 Ba4 23.b3 Qc5+ 24.Qf2 Qxf2+ 25.Kxf2 Ra8 26.bxa4 Rxa7 27.Rb1 
Rf7 28.Rb4 h6 29.Rd8+ Kh7 30.Ke3 Ra5 31.Rd5 f4+ 32.Ke4 Ra7 33.Rxe5 Ra6 34.
Rf5 Re7+ 35.Kxf4 Re2 36.Kg3 Rg6+ 37.Kf4 Rxa2 38.Rf7 b6 39.g4 Rxh2 40.Rb7 
Rc2 41.Kg3 Rd6 42.R4xb6 Rdd2 43.Rc7 Rg2+ 44.Kf4 Rc3 45.Rbb7 Kh8 46.a5 Ra2 
47.Ra7 Raa3 48.Rxg7 Rxc4+ 49.Kg3 Rxa5 50.Rh7+ Kg8 51.Rag7+ Kf8 52.Rb7 Kg8 
53.Rxh6 Ra3 54.Rd6 Rc8 55.g5 Rf8 56.Kg4 Raxf3 57.Kh5 R3f7 58.Rbd7 Rxd7 59.
Rxd7 1/2-1/2

[Event "POL-ChT3"]
[Site "Lazy POL"]
[Date "2012.09.01"]
[Round "1"]
[White "Kukula, Pawel"]
[Black "Janczarski, Michal"]
[Result "0-1"]
[WhiteElo "2256"]
[BlackElo "2306"]
[EventDate "2012.09.01"]

1.d4 Nf6 2.Nf3 g6 3.Bf4 Bg7 4.e3 d5 5.Be2 O-O 6.O-O c5 7.c3 Nc6 8.Nbd2 Nh5
9.Bg5 h6 10.Bh4 g5 11.Ne1 cxd4 12.cxd4 Nf4 13.Bg3 Nxe2+ 14.Qxe2 Bf5 15.Nd3
Qb6 16.Nb3 Rfc8 17.Nbc5 a5 18.Rfc1 a4 19.Qf3 e6 20.Qe2 Qa7 21.b3 b6 22.
Nxa4 Qa6 23.Nab2 Nb4 24.Rd1 Nxd3 25.Rxd3 Bxd3 26.Nxd3 Rc3 27.Rd1 Qxa2 0-1

[Event "POL-ChT3"]
[Site "Lazy POL"]
[Date "2012.09.01"]
[Round "1"]
[White "Chomczyk, Marek"]
[Black "Krainski, Aleksander"]
[Result "1/2-1/2"]
[WhiteElo "1876"]
[BlackElo "2244"]
[EventDate "2012.09.01"]

1.e4 c6 2.d4 d5 3.Nc3 dxe4 4.Nxe4 Bf5 5.Ng3 Bg6 6.h4 h6 7.f4 e6 8.Nf3 Nd7 
9.h5 Bh7 10.Bd3 Bxd3 11.Qxd3 Ngf6 12.Bd2 Qc7 13.O-O-O c5 14.Ne5 cxd4 15.
Nxd7 Qxd7 16.f5 O-O-O 17.Qc4+ Qc6 18.Qxc6+ bxc6 19.fxe6 fxe6 20.Rhe1 Bd6 
21.Ne4 Nxe4 22.Rxe4 e5 23.c3 c5 24.b4 Rhf8 25.bxc5 Bxc5 26.Rxe5 Ba3+ 27.
Kc2 Rf2 28.Ra5 Bd6 29.Rxa7 dxc3 30.Ra8+ Bb8 31.Kxc3 Kb7 32.Ra4 Be5+ 33.Kc2
Bf6 34.Rb1+ Kc6 35.Ra6+ Kc7 36.Ra7+ Kc6 37.Ra6+ Kc5 38.Ra5+ Kd6 39.Rb3 
Rc8+ 40.Kd3 Rxg2 41.Bf4+ Ke6 42.Rb6+ Kf7 43.Rb7+ Ke6 44.Rb6+ Kf7 45.Rb7+ 
Ke6 1/2-1/2

[Event "POL-ChT3"]
[Site "Lazy POL"]
[Date "2012.09.01"]
[Round "1"]
[White "Pacuszka, Tomasz"]
[Black "Powalka, Michal"]
[Result "1/2-1/2"]
[WhiteElo "2273"]
[BlackElo "1767"]
[EventDate "2012.09.01"]

1.g3 Nf6 2.Bg2 g6 3.Nf3 Bg7 4.O-O O-O 5.d3 d6 6.c3 c5 7.Nbd2 Nc6 8.e4 Rb8 
9.Re1 Nd7 10.a4 a6 11.Nf1 b5 12.axb5 axb5 13.d4 cxd4 14.cxd4 e5 15.Be3 Re8
16.h3 Bb7 17.d5 Na5 18.b3 Ba8 19.Re2 Nb7 20.Rea2 Nbc5 21.Ne1 f5 22.f3 f4 
23.Bf2 fxg3 24.Nxg3 Nf6 25.Nd3 Nxd3 26.Qxd3 h5 27.Ne2 Re7 28.Ba7 Rbb7 29.
Be3 Rb8 30.Nc3 b4 31.Nb5 Bb7 32.Na7 Rf7 33.Ra4 Qd7 34.Rc1 Nh7 35.Rxb4 Rbf8
36.Rf1 g5 37.Qe2 Nf6 38.Qb5 Qe7 39.Nc6 Bxc6 40.dxc6 g4 41.fxg4 hxg4 42.Qc4
gxh3 43.Bxh3 {zapis nieczytelny} 1/2-1/2

[Event "POL-ChT3"]
[Site "Lazy POL"]
[Date "2012.09.01"]
[Round "1"]
[White "Kowalec, Maciej"]
[Black "Krainski, Slawomir"]
[Result "1/2-1/2"]
[WhiteElo "1697"]
[BlackElo "2029"]
[EventDate "2012.09.01"]

1.d4 d5 2.c4 c6 3.e3 Nf6 4.Nc3 a6 5.Bd3 b5 6.cxd5 cxd5 7.Nf3 Bg4 8.h3 Bh5 
9.O-O e6 10.Be2 Nbd7 11.Ne5 Bxe2 12.Nxe2 Bd6 13.f4 Ne4 14.Qe1 O-O 15.Bd2 
Rc8 16.Ba5 Qe7 17.Nxd7 Qxd7 18.Nc3 Nxc3 19.Bxc3 Rc4 20.b3 Rc6 21.Qd2 Rfc8 
22.Rac1 Qc7 23.Ba5 Qb7 24.Bc3 Qc7 25.Ba5 Qb7 26.Bc3 g6 27.Bb2 b4 28.Rxc6 
Rxc6 29.Rc1 f6 30.Rxc6 Qxc6 31.Qc1 Qxc1+ 32.Bxc1 1/2-1/2

[Event "POL-ChT3"]
[Site "Lazy POL"]
[Date "2012.09.01"]
[Round "1"]
[White "Knoff, Mariusz"]
[Black "Kowalski, Igor"]
[Result "1/2-1/2"]
[WhiteElo "2088"]
[BlackElo "1770"]
[EventDate "2012.09.01"]

1.d4 Nf6 2.Nf3 e6 3.Bf4 c5 4.e3 Nc6 5.c3 d5 6.Nbd2 Be7 7.h3 O-O 8.Bd3 Bd7 
9.O-O Rc8 10.Ne5 a6 11.dxc5 Bxc5 12.Nb3 Be7 13.a4 Re8 14.Bc2 Bf8 15.Nd4 g6
16.Qf3 Bg7 17.Ndxc6 Bxc6 18.Bg5 h6 19.Bh4 g5 20.Bg3 Qe7 21.Rfd1 Nd7 22.
Nxc6 Rxc6 23.Qh5 f5 24.a5 Nf6 25.Qg6 Rec8 26.Be5 Nd7 27.Bxg7 Qxg7 28.Qxg7+
Kxg7 29.Ba4 R6c7 30.c4 Nf6 31.cxd5 Nxd5 32.Bb3 Rc5 33.Rd3 Kf6 34.Ra4 Rb5 
35.Bxd5 exd5 36.Rad4 Ke6 37.b4 Rc1+ 38.Kh2 Rb1 39.g4 fxg4 40.hxg4 R1xb4 
41.Rxb4 Rxb4 42.Kg3 Ke5 43.Rc3 Kd6 44.Rc8 Re4 45.Rc1 Re6 46.Rc3 1/2-1/2

[Event "POL-ChT3"]
[Site "Lazy POL"]
[Date "2012.09.01"]
[Round "1"]
[White "Gluszko, Monika"]
[Black "Filipek, Halina"]
[Result "1/2-1/2"]
[WhiteElo "1990"]
[BlackElo "1760"]
[EventDate "2012.09.01"]

1.e4 d6 2.d4 Nf6 3.Nc3 e5 4.Nf3 Nbd7 5.Bc4 Be7 6.O-O O-O 7.a4 c6 8.Re1 Qc7
9.Bb3 b6 10.Bg5 Re8 11.Qd2 Nf8 12.d5 c5 13.a5 Bd7 14.Red1 Ng6 15.Bc4 Qb8 
16.Bxf6 Bxf6 17.axb6 axb6 18.Nb5 Bxb5 19.Bxb5 Re7 20.Qe1 Rea7 21.Bc6 Rxa1 
22.Rxa1 Ra7 23.Nd2 Bd8 24.Nc4 Bc7 25.Bb5 h6 26.g3 Kf8 27.Qd1 Rxa1 28.Qxa1 
Qd8 29.Qa7 Ne7 30.Ba6 g6 31.Na3 Qb8 32.Qxb8+ Bxb8 33.Kf1 Ng8 34.Nc4 Bc7 
35.Ke2 Nf6 36.Kd3 Nd7 37.Na3 f5 38.f3 fxe4+ 39.fxe4 Nf6 40.Bc8 Ke7 41.Nb5 
Bb8 42.Nc3 Ke8 43.Nd1 Bc7 44.c4 Nd7 45.Ne3 b5 1/2-1/2

[Event "POL-ChT3"]
[Site "Lazy POL"]
[Date "2012.09.02"]
[Round "2"]
[White "Tazbir, Marcin"]
[Black "Licznerski, Lukasz"]
[Result "1-0"]
[WhiteElo "2554"]
[BlackElo "2306"]
[EventDate "2012.09.01"]

1.e4 c6 2.Nc3 d5 3.Nf3 Bg4 4.h3 Bxf3 5.Qxf3 Nf6 6.d3 e6 7.a3 d4 8.Ne2 Qa5+
9.Bd2 Qb6 10.b3 Bd6 11.g4 Nfd7 12.g5 Ne5 13.Qg2 Ng6 14.h4 e5 15.h5 Nf4 16.
Nxf4 exf4 17.g6 hxg6 18.hxg6 Rxh1 19.gxf7+ Kxf7 20.Qxh1 Nd7 21.Qh5+ Kg8 
22.Bh3 Nf8 23.Ke2 Qc7 24.Bf5 Qf7 25.Qh3 g6 26.Rg1 Re8 27.Kf3 Qf6 28.Qh6 
Re7 29.Bxg6 Rg7 30.Bh7+ Nxh7 31.Rxg7+ Qxg7 32.Qxd6 Ng5+ 33.Kxf4 Nh3+ 34.
Kf5 Qf7+ 35.Qf6 Nxf2 36.Qxf7+ Kxf7 37.Kf4 Ke6 38.Kf3 1-0

[Event "POL-ChT3"]
[Site "Lazy POL"]
[Date "2012.09.02"]
[Round "2"]
[White "Gralka, Julian"]
[Black "Mikrut, Dariusz"]
[Result "1/2-1/2"]
[WhiteElo "2231"]
[BlackElo "2355"]
[EventDate "2012.09.01"]

1.d4 Nf6 2.Nf3 g6 3.Bg5 Bg7 4.Nbd2 d6 5.e4 O-O 6.c3 h6 7.Bh4 Nbd7 8.Bc4 e5
9.dxe5 dxe5 10.O-O Qe8 11.Re1 Nh5 12.b4 Bf6 13.Bxf6 Nhxf6 14.Qc2 Qe7 15.
Bf1 b6 16.Nc4 Bb7 17.Nfd2 Rfd8 18.a4 a6 19.g3 Nf8 20.Nf3 N6d7 21.Bg2 Qe6 
22.Qa2 Kg7 23.Qe2 Nh7 24.Nfd2 Nhf6 25.f4 exf4 26.gxf4 Re8 27.Qf2 Qe7 28.e5
Ng4 29.Qg3 Bxg2 30.Qxg2 h5 31.Nf3 a5 32.f5 axb4 33.f6+ Ndxf6 34.exf6+ Qxf6
35.cxb4 Rxe1+ 36.Rxe1 Rxa4 37.Rb1 b5 38.h3 bxc4 39.hxg4 hxg4 40.Qxg4 c3 
41.Qd4 Qxd4+ 42.Nxd4 c5 43.Nc2 cxb4 44.Nxb4 Ra5 45.Rc1 Rc5 46.Kf2 f5 47.
Ke3 c2 1/2-1/2

[Event "POL-ChT3"]
[Site "Lazy POL"]
[Date "2012.09.02"]
[Round "2"]
[White "Brzeski, Maciej"]
[Black "Wozniak, Marcin"]
[Result "1/2-1/2"]
[WhiteElo "2314"]
[BlackElo "2215"]
[EventDate "2012.09.01"]

1.e4 c6 2.d4 d5 3.Nc3 dxe4 4.Nxe4 Nd7 5.Ng5 Ndf6 6.N1f3 Bg4 7.Be2 Bxf3 8.
Nxf3 e6 9.O-O Bd6 10.b3 Ne7 11.Bb2 Ng6 12.Ne5 Qc7 13.f4 O-O-O 14.Qc1 c5 
15.c3 Nd5 16.g3 Kb8 17.Bf3 f6 18.Nd3 c4 19.Nf2 Nge7 20.Ne4 Nf5 21.Ba3 Bxa3
22.Qxa3 e5 23.fxe5 fxe5 24.dxe5 Nfe3 25.bxc4 Nxc4 26.Qc5 Nxe5 27.Qxc7+ 
Kxc7 28.Ng5 Kb8 29.Ne6 Ne3 30.Nxd8 Nxf1 31.Rxf1 Rxd8 32.Be4 g6 33.Rf6 Rd7 
34.h4 Re7 35.Bd5 Ng4 36.Rf8+ Kc7 37.Rf7 Rxf7 38.Bxf7 Kd6 39.Kf1 Ke5 40.Ke2
Nf6 41.Kf3 Ne4 42.c4 Nc3 43.a3 b6 44.g4 Kf6 45.Be8 g5 46.hxg5+ Kxg5 47.Ke3
Kxg4 48.Kd4 Nb1 49.a4 Nd2 50.Kd5 Nb3 51.Kc6 h5 1/2-1/2

[Event "POL-ChT3"]
[Site "Lazy POL"]
[Date "2012.09.02"]
[Round "2"]
[White "Bokiej, Przemyslaw"]
[Black "Barski, Radoslaw"]
[Result "0-1"]
[WhiteElo "2189"]
[BlackElo "2241"]
[EventDate "2012.09.01"]

1.e4 c5 2.Nf3 Nc6 3.Bb5 g6 4.O-O Bg7 5.Bxc6 dxc6 6.d3 e5 7.h3 Ne7 8.Nc3 h6
9.Qe2 g5 10.Be3 b6 11.Qd2 Ng6 12.Rfe1 Qf6 13.Nh2 Nf4 14.Bxf4 gxf4 15.Qe2 
Qg6 16.Kh1 h5 17.a3 Bf8 18.Nb1 Rg8 19.f3 Be7 20.Nd2 Bh4 21.Red1 Ke7 22.b4 
cxb4 23.axb4 Be6 24.Ra3 Rg7 25.Nc4 Kf6 26.Nxb6 Rag8 27.Rxa7 Bxh3 28.Nd5+ 
Ke6 29.Nc7+ Kd7 30.Nd5+ Kd6 31.Nxf4 exf4 32.e5+ Ke6 33.gxh3 Qg1+ 34.Rxg1 
Rxg1# 0-1

[Event "POL-ChT3"]
[Site "Lazy POL"]
[Date "2012.09.02"]
[Round "2"]
[White "Slabek, Grzegorz"]
[Black "Gralka, Przemyslaw"]
[Result "0-1"]
[WhiteElo "2105"]
[BlackElo "2289"]
[EventDate "2012.09.01"]

1.d4 d5 2.Nf3 Nf6 3.g3 Bg4 4.Bg2 e6 5.O-O Be7 6.c4 c6 7.Qb3 Qb6 8.c5 Qa6 
9.Nc3 b6 10.cxb6 axb6 11.Re1 O-O 12.h3 Bh5 13.Ne5 c5 14.e3 c4 15.Qb5 Qxb5 
16.Nxb5 Ra5 17.Nc3 b5 18.g4 Bg6 19.Nxg6 hxg6 20.Bd2 b4 21.Ne2 Ra7 22.a3 
bxa3 23.Nc3 Nc6 24.bxa3 Rxa3 25.Rxa3 Bxa3 26.g5 Nd7 27.Nb5 Bb4 28.Bxb4 
Nxb4 29.Rb1 Nc6 30.e4 Rb8 31.exd5 Nxd4 32.dxe6 fxe6 33.Na3 Rxb1+ 34.Nxb1 
Ne5 35.Bf1 Ndf3+ 36.Kg2 Kf7 37.Kg3 Nxg5 38.Kf4 Kf6 39.h4 Ngf7 40.Nd2 Nd6 
41.Ne4+ Nxe4 42.Kxe4 c3 43.Ke3 Ng4+ 44.Kd3 Nxf2+ 45.Kxc3 Ne4+ 46.Kd4 Ng3 
0-1

[Event "POL-ChT3"]
[Site "Lazy POL"]
[Date "2012.09.02"]
[Round "2"]
[White "Wesolowska, Edyta"]
[Black "Gosciniak, Maria"]
[Result "1/2-1/2"]
[WhiteElo "1951"]
[BlackElo "2135"]
[EventDate "2012.09.01"]

1.d4 e6 2.c4 Bb4+ 3.Bd2 Qe7 4.e3 Nf6 5.Bxb4 Qxb4+ 6.Qd2 Qe7 7.Nc3 O-O 8.
Nf3 d6 9.Be2 b6 10.O-O Bb7 11.Qc2 Nc6 12.a3 Rae8 13.b4 e5 14.Nd5 Qd8 15.
Ng5 g6 16.Nxf6+ Qxf6 17.Ne4 Qe7 18.d5 Nb8 19.Nc3 f5 20.f3 a6 21.Rae1 Nd7 
22.e4 f4 23.Na4 Bc8 24.Rc1 Nf6 25.c5 b5 26.Nb2 Bd7 27.c6 Bc8 28.a4 bxa4 
29.Qxa4 Nh5 30.Bxa6 Bxa6 31.Qxa6 Ra8 32.Qc4 Qh4 33.Ra1 g5 34.Nd3 Ng3 35.
Rxa8 Ne2+ 36.Kh1 Ng3+ 37.Kg1 Ne2+ 38.Kh1 Ng3+ 39.Kg1 Ne2+ 40.Kh1 Ng3+ 
1/2-1/2

[Event "POL-ChT3"]
[Site "Lazy POL"]
[Date "2012.09.02"]
[Round "2"]
[White "Jasnikowski, Zbigniew"]
[Black "Pakleza, Zbigniew"]
[Result "0-1"]
[WhiteElo "2367"]
[BlackElo "2475"]
[EventDate "2012.09.01"]

1.d4 d6 2.Nf3 Bg4 3.e3 Nf6 4.c4 c6 5.Nc3 Nbd7 6.h3 Bh5 7.g4 Bg6 8.Nh4 e6 
9.Nxg6 hxg6 10.d5 cxd5 11.cxd5 e5 12.g5 Ng8 13.e4 a6 14.h4 Be7 15.Be3 f5 
16.Qf3 f4 17.Bd2 Qb6 18.Qg4 Nc5 19.Rb1 Qb4 20.f3 Kf8 21.Nb5 Qa4 22.Nc7 Rd8
23.Rc1 Qd7 24.Ne6+ Nxe6 25.dxe6 Qa4 26.h5 d5 27.hxg6 Rxh1 28.Qf5+ Nf6 29.
gxf6 gxf6 30.g7+ Kxg7 31.Rc7 Rxf1+ 32.Kxf1 Qd1+ 33.Be1 Qxf3+ 34.Kg1 Rg8 
0-1

[Event "POL-ChT3"]
[Site "Lazy POL"]
[Date "2012.09.02"]
[Round "2"]
[White "Jedynak, Radoslaw"]
[Black "Borkowski, Franciszek"]
[Result "1/2-1/2"]
[WhiteElo "2492"]
[BlackElo "2318"]
[EventDate "2012.09.01"]

1.d4 d5 2.c4 c6 3.Nc3 Nf6 4.cxd5 cxd5 5.Bf4 Nc6 6.e3 Bf5 7.Nf3 e6 8.Bb5 
Nd7 9.Qa4 Rc8 10.O-O a6 11.Bxc6 Rxc6 12.Rfc1 Rc4 13.Qb3 Rb4 14.Qd1 Rxb2 
15.Na4 Rb4 16.Bc7 Qc8 17.Nb6 Nxb6 18.Bxb6 Qa8 19.Bc5 Bxc5 20.Rxc5 O-O 21.
Rac1 Rb2 22.Rc7 Bg4 23.h3 Bxf3 24.Qxf3 Rb6 25.Rd7 Rc6 26.Rxc6 bxc6 27.Qf4 
h6 28.a4 h5 29.Qc7 g6 30.Qa7 Qxa7 31.Rxa7 Rc8 32.Rxa6 c5 33.dxc5 Rxc5 34.
Rb6 Rc1+ 35.Kh2 Ra1 36.Rb4 Kg7 37.g4 hxg4 38.hxg4 g5 39.Kg3 Kf6 40.Kf3 Ra2
41.Kg3 1/2-1/2

[Event "POL-ChT3"]
[Site "Lazy POL"]
[Date "2012.09.02"]
[Round "2"]
[White "Szoen, Dariusz"]
[Black "Kolasinski, Krzysztof"]
[Result "1-0"]
[WhiteElo "2418"]
[BlackElo "1978"]
[EventDate "2012.09.01"]

1.e4 e6 2.d4 d5 3.Nc3 Bb4 4.e5 c5 5.a3 Bxc3+ 6.bxc3 Qa5 7.Bd2 Qa4 8.Qb1 c4
9.h4 Nc6 10.h5 h6 11.g4 Bd7 12.Bh3 O-O-O 13.Ne2 Rf8 14.Qb2 Nge7 15.Rb1 b6 
16.Ng3 f6 17.f4 fxe5 18.dxe5 Kb7 19.O-O Nc8 20.Be3 Be8 21.Bd4 g6 22.hxg6 
Bxg6 23.f5 Bf7 24.f6 Rfg8 25.Kh2 Rg5 26.Rbe1 Rhg8 27.Nh5 Nxd4 28.cxd4 Bxh5
29.gxh5 Rxh5 30.Qc3 Rf8 31.Rg1 a5 32.Re2 Na7 33.Qf3 Rxh3+ 34.Qxh3 Qc6 35.
Qxh6 Qe8 36.Rg7+ Ka6 37.a4 c3 38.Rf2 Nc6 39.f7 Qd8 40.Qg5 Ne7 41.Rf6 Qc8 
42.Rh7 Qc4 43.Qe3 Qxa4 44.Qd3+ Kb7 45.Rxe6 Nc6 46.Re8 Qb4 47.Rxf8 Qxf8 48.
Qg6 Nxd4 49.Qg8 Ne6 50.Qxf8 Nxf8 51.Rh8 Ng6 52.Rg8 1-0

[Event "POL-ChT3"]
[Site "Lazy POL"]
[Date "2012.09.02"]
[Round "2"]
[White "Swierczewski, Marek"]
[Black "Gluszko, Tomasz"]
[Result "1-0"]
[WhiteElo "2135"]
[BlackElo "2169"]
[EventDate "2012.09.01"]

1.e4 c5 2.c3 d5 3.exd5 Qxd5 4.d4 e6 5.Nf3 Nf6 6.Bd3 Nc6 7.O-O cxd4 8.cxd4 
Be7 9.Nc3 Qd6 10.a3 O-O 11.Be3 b6 12.h3 Bb7 13.Qe2 Rac8 14.Rad1 Rfd8 15.
Bb1 Qb8 16.Ba2 Na5 17.Bg5 h6 18.Ne5 hxg5 19.Nxf7 Rxc3 20.Nxd8 Qxd8 21.
Bxe6+ Kf8 22.bxc3 Qd6 23.Rfe1 Bd8 24.Qd3 Bc7 25.g3 Nc6 26.Qg6 Nd8 27.d5 
Qc5 28.Re3 Bd6 29.Rde1 Qb5 30.Rf3 Be7 31.Rf5 Nxe6 32.Rxe6 Qb1+ 33.Kh2 Bxd5
34.Rfxf6+ gxf6 35.Rxf6+ Bxf6 36.Qxb1 Ke7 37.c4 Be6 38.Qb4+ Kd7 39.Qa4+ Kc8
40.Qxa7 Bd4 41.Qa6+ Kc7 42.f4 gxf4 43.gxf4 Bc8 44.Qb5 Bc5 45.Qe8 Bxa3 46.
h4 Bd7 47.Qf7 Bd6 48.h5 1-0

[Event "POL-ChT3"]
[Site "Lazy POL"]
[Date "2012.09.02"]
[Round "2"]
[White "Nowak, Malgorzata"]
[Black "Barburzynska, Magdalena"]
[Result "1/2-1/2"]
[WhiteElo "2084"]
[BlackElo "1913"]
[EventDate "2012.09.01"]

1.d4 g6 2.c4 Bg7 3.Nc3 d6 4.e4 Nd7 5.Nf3 e5 6.Be2 c6 7.O-O Nh6 8.d5 c5 9.
Ne1 O-O 10.Nd3 f6 11.Be3 Nf7 12.Qd2 a5 13.b3 b6 14.a3 Qe7 15.Nb5 Nb8 16.
Rab1 Na6 17.b4 axb4 18.axb4 f5 19.f3 f4 20.Bf2 g5 21.Nc3 Nc7 22.Ra1 Bd7 
23.Qb2 h5 24.bxc5 bxc5 25.Qb6 Rxa1 26.Rxa1 Ne8 27.Ra7 Nf6 28.Nb5 Qd8 29.
Qxd8 Rxd8 30.Nc1 Bf8 31.Nb3 Rc8 32.Na5 Kg7 33.Nc7 Kg6 34.Nb5 Kg7 35.Be1 
Kg6 36.Kf1 g4 37.Nb7 gxf3 38.gxf3 Bh3+ 39.Kf2 Bd7 40.Bf1 h4 41.Ke2 Kh5 42.
Ra6 Ne8 1/2-1/2

[Event "POL-ChT3"]
[Site "Lazy POL"]
[Date "2012.09.02"]
[Round "2"]
[White "Ciesla, Adam"]
[Black "Sopur, Lech"]
[Result "1-0"]
[WhiteElo "2336"]
[BlackElo "2423"]
[EventDate "2012.09.01"]

1.e4 d6 2.d4 Nf6 3.Nc3 Nbd7 4.Nf3 e5 5.Bc4 Be7 6.O-O O-O 7.a4 b6 8.Qe2 Bb7
9.Rd1 Qc8 10.a5 a6 11.axb6 cxb6 12.Ba2 Qc7 13.Bg5 Rac8 14.Rd2 Rfe8 15.Rad1
h6 16.dxe5 Nxe5 17.Nxe5 1-0

[Event "POL-ChT3"]
[Site "Lazy POL"]
[Date "2012.09.02"]
[Round "2"]
[White "Flis, Jacek"]
[Black "Walkusz, Witoslaw"]
[Result "0-1"]
[WhiteElo "2256"]
[BlackElo "2126"]
[EventDate "2012.09.01"]

1.e4 e5 2.Nf3 Nc6 3.Bc4 Nf6 4.d3 Bc5 5.O-O d6 6.c3 O-O 7.Bb3 h6 8.Nbd2 a5 
9.a4 Re8 10.Nc4 Be6 11.Re1 Ng4 12.Ne3 Nxe3 13.Bxe3 Bxe3 14.Rxe3 d5 15.exd5
Bxd5 16.d4 Bxb3 17.Qxb3 exd4 18.Rxe8+ Qxe8 19.Qxb7 Rb8 20.Qxc7 d3 21.Qd6 
Rd8 22.Qf4 Qe2 23.Nd2 Re8 24.h4 Re5 25.Nf3 Qxb2 26.Rd1 Re2 27.Rd2 Qxc3 28.
Rxe2 dxe2 29.Qe3 Qc4 30.Kh2 Qxa4 31.Qe8+ Kh7 32.Qxf7 Qe4 33.Qa2 Nb4 34.
Qxa5 e1=Q 35.Nxe1 Qxe1 36.Qf5+ Kg8 37.Qc8+ Kf7 38.Qc4+ Kf8 39.Qf4+ Kg8 40.
Qb8+ Kh7 41.Qf8 Qe4 42.g3 Nd3 43.Qf7 Ne5 44.Qf8 Nf3+ 45.Kh3 h5 46.Qf7 Ng5+
0-1

[Event "POL-ChT3"]
[Site "Lazy POL"]
[Date "2012.09.02"]
[Round "2"]
[White "Kanarkiewicz, Michal"]
[Black "Piesik, Piotr"]
[Result "1/2-1/2"]
[WhiteElo "2096"]
[BlackElo "2198"]
[EventDate "2012.09.01"]

1.e4 e6 2.d4 d5 3.Nc3 dxe4 4.Nxe4 Bd7 5.Nf3 Bc6 6.Bd3 Nd7 7.O-O Ngf6 8.Ng3
Be7 9.b3 O-O 10.Bb2 Bxf3 11.Qxf3 c6 12.c4 Qa5 13.a3 Rfe8 14.Rfe1 Rad8 15.
Re3 Qg5 16.h3 Nf8 17.Ne4 Qh4 18.Rae1 Ng6 19.Nxf6+ Qxf6 20.Qg4 Qg5 21.Qe4 
Qf4 22.g3 Qxe4 23.Bxe4 Bf6 24.Rd3 Rd7 25.Bc3 c5 26.Bxg6 hxg6 27.d5 Red8 
28.Bxf6 gxf6 29.Red1 exd5 30.Rxd5 Rxd5 31.cxd5 f5 32.Kg2 Kg7 33.h4 Kf6 34.
Kf3 Ke5 35.Re1+ Kf6 36.Rd1 Ke5 37.Re1+ Kf6 38.Rd1 1/2-1/2

[Event "POL-ChT3"]
[Site "Lazy POL"]
[Date "2012.09.02"]
[Round "2"]
[White "Denderski, Piotr"]
[Black "Zdrojewski, Wojciech"]
[Result "1-0"]
[WhiteElo "2240"]
[BlackElo "2166"]
[EventDate "2012.09.01"]

1.Nf3 d5 2.c4 e6 3.d4 Nf6 4.Nc3 Be7 5.cxd5 exd5 6.Bg5 O-O 7.e3 c6 8.Bd3 
Re8 9.Qc2 Nbd7 10.h3 Ne4 11.Bxe4 Bxg5 12.Bxh7+ Kh8 13.Bf5 Bf6 14.h4 Nf8 
15.O-O-O g6 16.Bxc8 Rxc8 17.g4 Kg8 18.g5 Bg7 19.Kb1 b5 20.Ne2 Qd6 21.Rc1 
Nd7 22.h5 c5 23.hxg6 fxg6 24.dxc5 Rxc5 25.Qd3 Ne5 26.Nxe5 Qxe5 27.Nd4 
Rxc1+ 28.Rxc1 Qxg5 29.Qxb5 Rd8 30.Qd3 Qf6 31.f4 Rd6 32.Rc8+ Kh7 33.Qc2 Qh4
34.a3 Bxd4 35.Qc7+ Bg7 36.Qxd6 1-0

[Event "POL-ChT3"]
[Site "Lazy POL"]
[Date "2012.09.02"]
[Round "2"]
[White "Maszota, Natalia"]
[Black "Warakomska, Anna"]
[Result "1-0"]
[WhiteElo "2116"]
[BlackElo "2136"]
[EventDate "2012.09.01"]

1.e4 c5 2.d3 g6 3.Nd2 Bg7 4.g3 Nc6 5.Bg2 e6 6.Ngf3 Nge7 7.O-O O-O 8.Re1 d6
9.Nf1 Qc7 10.h4 b5 11.c3 e5 12.N3h2 Be6 13.h5 Rad8 14.hxg6 hxg6 15.Be3 c4 
16.dxc4 bxc4 17.Qc1 Nb8 18.b4 d5 19.exd5 Bxd5 20.Bxd5 Rxd5 21.Bc5 Rfd8 22.
Ne3 Rd3 23.Nxc4 Nd5 24.Qg5 Nxc3 25.Ng4 Nd7 26.Bd6 Qc8 27.Bxe5 Nxe5 28.
Ncxe5 Rd2 29.Nxf7 Ne2+ 30.Rxe2 Rxe2 31.Nxd8 Qf5 32.Qxf5 gxf5 33.Rc1 fxg4 
34.Rc4 Rxa2 35.Rxg4 Kh7 36.Nc6 Bc3 37.Re4 Kg6 38.b5 1-0

[Event "POL-ChT3"]
[Site "Lazy POL"]
[Date "2012.09.02"]
[Round "2"]
[White "Jaworski, Miroslaw"]
[Black "Najbar, Marcin"]
[Result "0-1"]
[WhiteElo "2307"]
[BlackElo "2199"]
[EventDate "2012.09.01"]

1.d4 c5 2.d5 d6 3.c4 g6 4.e4 Nf6 5.Nc3 Bg7 6.h3 O-O 7.Nf3 e6 8.Bd3 exd5 9.
exd5 Re8+ 10.Be3 Bh6 11.O-O Bxe3 12.fxe3 Qe7 13.e4 a6 14.Qd2 Kg7 15.Rf2 
Ng8 16.a3 Nd7 17.Raf1 f6 18.b4 b6 19.Rb1 Rb8 20.Bc2 Nh6 21.Ba4 Rf8 22.Qf4 
Nf7 23.Bxd7 Bxd7 24.bxc5 bxc5 25.Rfb2 Rxb2 26.Rxb2 Ne5 27.Rb6 Bc8 28.Nd2 
Qc7 29.Rb3 Bd7 30.Qf1 Rb8 31.Qb1 Rxb3 32.Qxb3 Qa5 33.Nf1 h5 34.Ne3 h4 35.
Kh2 Kh6 36.Qb2 Kg7 37.Qb3 Kf7 38.Qb2 Ke7 39.Qb3 Bc8 40.Qb2 Kd8 41.Qb3 Kc7 
42.Qb2 Bd7 43.Qb3 f5 44.exf5 gxf5 45.Nf1 f4 46.Nd2 Bf5 47.Nf3 Nxf3+ 48.
gxf3 Bd3 49.Kh1 Kc8 50.Kh2 Bf5 51.Qb2 Kc7 52.Qb3 Bd3 53.Kh1 Qb6 54.Qa2 Qb7
55.Kh2 Qb8 56.Qd2 Bxc4 57.Ne4 Qb3 58.Qa5+ Kd7 59.Nf6+ Kc8 60.Ne4 Qc2+ 61.
Kg1 Qd1+ 62.Kh2 Qe2+ 63.Kg1 Bxd5 64.Nxd6+ Kd7 65.Ne4 Bxe4 66.fxe4 Qe3+ 67.
Kf1 Qxh3+ 68.Ke1 Qe3+ 69.Kd1 Qd3+ 70.Kc1 Qc4+ 71.Kd2 f3 72.Ke3 Qe2+ 73.Kf4
f2 74.Qa4+ Ke7 75.Ke5 Qb2+ 0-1

[Event "POL-ChT3"]
[Site "Lazy POL"]
[Date "2012.09.02"]
[Round "2"]
[White "Krzywda, Andrzej"]
[Black "Obrusnik, Michal"]
[Result "0-1"]
[WhiteElo "2153"]
[BlackElo "2239"]
[EventDate "2012.09.01"]
[PlyCount "78"]

1.e4 c5 2.Nf3 Nc6 3.d4 cxd4 4.Nxd4 e5 5.Nb5 d6 6.c4 Be7 7.N1c3 a6 8.Na3 f5
9.exf5 Bxf5 10.Bd3 Be6 11.O-O Nf6 12.Nc2 O-O 13.Ne3 Rc8 14.b3 b5 15.Ncd5 
Rb8 16.Bb2 Qd7 17.Rc1 Rfc8 18.Kh1 Bd8 19.f4 Nd4 20.fxe5 dxe5 21.Nxf6+ Bxf6
22.cxb5 Rxc1 23.Bxc1 axb5 24.Be4 Rd8 25.Qd3 h6 26.Bb2 Qa7 27.Bxd4 Qxd4 28.
Bh7+ Kh8 29.Qe4 Bg5 30.Nc2 Qd2 31.Bg6 Bf4 32.Qf3 Bd5 33.Qg4 Bb7 34.Bf5 Rf8
35.Bg6 Rf6 36.Rg1 Qf2 37.Ne1 Qxg1+ 38.Kxg1 Be3+ 39.Kh1 Rf1# 0-1

[Event "POL-ChT3"]
[Site "Lazy POL"]
[Date "2012.09.02"]
[Round "2"]
[White "Helis, Tadeusz"]
[Black "Malecki, Rafal"]
[Result "1/2-1/2"]
[WhiteElo "2235"]
[BlackElo "2094"]
[EventDate "2012.09.01"]
[PlyCount "82"]

1.Nf3 g6 2.d4 Bg7 3.e4 d6 4.h3 Nf6 5.Nc3 O-O 6.Be2 b6 7.Be3 Bb7 8.d5 c6 9.
O-O cxd5 10.exd5 Na6 11.Qd2 Nc7 12.Bc4 b5 13.Nxb5 Nxb5 14.Bxb5 Bxd5 15.Be2
Qb8 16.c4 Bb7 17.Bh6 Ne4 18.Qe3 Bxh6 19.Qxh6 Rc8 20.Rad1 a5 21.Rd4 Rc5 22.
Re1 Qf8 23.Qxf8+ Kxf8 24.Nd2 Nxd2 25.Rxd2 Ba6 26.b3 Rb8 27.Bf3 a4 28.Re3 
Rb6 29.h4 e6 30.Rd4 Ke7 31.g3 Ra5 32.Rd2 axb3 33.axb3 Ra3 34.Rdd3 Kf6 35.
Rc3 Ra1+ 36.Kg2 Rb1 37.Red3 Ke7 38.Re3 Kf6 39.Red3 Ke7 40.Re3 Kf6 41.Red3 
Ke7 1/2-1/2